Created equal : a history of the United States /

Bibliographic Details
Other Authors: Jones, Jacqueline, 1948-
Format: Book
Language:English
Published: New York : Pearson Longman, [2009]
Edition:3rd ed.
Subjects:

MARC

Tag First Indicator Second Indicator Subfields
LEADER 00000cam a22000004a 4500
001 in00002363439
005 20151108091553.0
008 071105s2009 nyuab b 001 0 eng
010 |a  2007045111 
020 |a 9780205585816 (complete ed.) 
020 |a 0205585817 (complete ed.) 
020 |a 0205591566 (complete ed.) 
020 |a 9780205591565 (complete ed.) 
020 |a 9780205585830 (v. 1) 
020 |a 0205585833 (v. 1) 
020 |a 0205591582 (v. 1) 
020 |a 9780205591589 (v. 1) 
020 |a 9780205585847 (v. 2) 
020 |a 0205585841 (v. 2) 
020 |a 0205591574 (v. 2) 
020 |a 9780205591572 (v. 2) 
035 |a (OCoLC)ocn181368705 
040 |a DLC  |c DLC  |d UtOrBLW 
043 |a n-us--- 
049 |a TXAM 
050 0 0 |a E178  |b .C86 2009 
082 0 0 |a 973  |2 22 
245 0 0 |a Created equal :  |b a history of the United States /  |c Jacqueline Jones [and others]. 
250 |a 3rd ed. 
264 1 |a New York :  |b Pearson Longman,  |c [2009] 
264 4 |c ©2009 
300 |a 1 volume (various pagings) :  |b illustrations (some color), color maps ;  |c 28 cm. 
336 |a text  |b txt  |2 rdacontent 
337 |a unmediated  |b n  |2 rdamedia 
338 |a volume  |b nc  |2 rdacarrier 
504 |a Includes bibliographical references and index. 
651 0 |a United States  |x History. 
651 0 |a United States  |x Social conditions. 
651 0 |a United States  |x Politics and government. 
650 0 |a Cultural pluralism  |z United States  |x History. 
650 0 |a Minorities  |z United States  |x History. 
650 0 |a Cultural pluralism  |z United States  |x History  |v Sources. 
650 0 |a Minorities  |z United States  |x History  |v Sources. 
700 1 |a Jones, Jacqueline,  |d 1948- 
945 |a PromptCat 
946 |a stk 
947 |a A14836829104 
948 |a cataloged  |b h  |c 2008/3/6  |d c  |e dmitchel  |f 3:30:30 pm 
994 |a 92  |b TXA 
999 |a MARS 
999 f f |s d1ace41a-8aba-3752-ae94-3a16154d7b15  |i aeb733f4-0c5a-330b-8f66-dc8639cec452  |t 0 
952 f f |p normal  |a Texas A&M University  |b College Station  |c Sterling C. Evans Library  |d Evans: Library Stacks  |t 0  |e E178 .C86 2009  |h Library of Congress classification  |i unmediated -- volume  |m A14836829104 
998 f f |a E178 .C86 2009  |t 0  |l Evans: Library Stacks